Rozum rozhovory a rozmýšľanie o literatúre

Bibliographic Details
Other Authors: Kopcsayová, Iris, 1967- (Publishing director)
Format: Journal
Language:Slovak
PhysicalDescription:zv. 27-30 cm
Published: Bratislava Iris Kopcsayová 2019-
Bratislava Spoločnosť priateľov krásnej literatúry
ISSN:2644-4631
Subjects:

MARC

LEADER 00000cas a2200000 a 4500
001 vtls011856981
003 SK-MaSNL
005 20260228164518.0
008 190320c20199999xo mr p 0 b0slo
022 |a 2644-4631 
040 |a SVKBB  |b slo  |c SVKBB  |d SNK  |e AACR2 
041 0 |a slo 
044 |a xo  |c SK 
072 7 |a 82  |x Literatúra. Literárny život  |2 konspekt 
072 7 |a 82-9  |x Literárna kritika, vecná literatúra a rôzne ďalšie žánre  |2 konspekt 
080 |a 82  |2 2011 
080 |a 82-95  |2 2011 
080 |a 82(051)  |2 2011 
080 |a 050  |2 2011 
210 0 |a Rozum 
222 0 |a Rozum 
245 0 0 |a Rozum  |b rozhovory a rozmýšľanie o literatúre 
260 |a Bratislava  |b Iris Kopcsayová  |c 2019- 
260 3 |3 apr./2019  |a Bratislava  |b Spoločnosť priateľov krásnej literatúry 
300 |a zv.  |c 27-30 cm 
310 |a 1x mesačne 
362 0 |a Roč. I, č. 1 (2019)- 
500 |a Registračné č.: EV 5726/18 
500 |a Podnázov v tiráži: literárny magazín 
500 |a Šéfredaktorka: 2019- , Iris Kopcsayová 
500 |a Č. febr.-mar./2019 má výšku formátu 30 cm 
500 |a Č. 10/2023 (december) má novinový formát 
515 |a Niektoré čísla vychádzajú ako dvojčíslo 
515 |a V r. 2020 vyšlo špeciálne číslo 
650 0 7 |a literatúra  |2 SNKPH  |9 1427 
650 0 7 |a literárna kritika  |2 SNKPH  |9 1138 
655 7 |a literárne časopisy  |2 SNKPH  |9 125450 
700 1 |a Kopcsayová, Iris,  |d 1967-  |4 pbd  |9 54190 
910 |a snk 
910 |a svkbb 
999 |c 13883  |d 15813 
952 |0 0  |1 0  |4 0  |7 0  |8 0  |a SNK  |b SNK  |d 2020-11-25  |i snk2020/20997  |l 0  |o snkČSB 7586/1/2019  |p 17A1433085  |r 2026-02-21 19:24:12  |t č. febr.-dec.  |w 2026-02-21  |y PREZ 
952 |0 0  |1 0  |4 0  |7 0  |8 0  |a SNK  |b SNK  |d 2025-04-28  |i snk2025/7080  |l 0  |o snkČSB 7586/5/2023 D1  |p 17A1555953  |r 2026-02-21 19:49:21  |t č. 1-10  |w 2026-02-21  |y PREZ 
952 |0 0  |1 0  |4 0  |7 0  |8 0  |a SNK  |b SNK  |d 2024-08-01  |i snk2024/12354  |l 0  |o snkČSB 7586/4/2022 D1  |p 17A1523863  |r 2026-02-21 20:00:28  |t č. 1-12  |w 2026-02-21  |y PREZ 
952 |0 0  |1 0  |4 0  |7 0  |8 0  |a SNK  |b SNK  |d 2024-06-06  |i snk2024/8960  |l 0  |o snkČSB 7586/2/2020 D1  |p 17A1523460  |r 2026-02-21 20:00:56  |t č. 1-12 +1 špec. č.  |w 2026-02-21  |y PREZ  |z Špeciálne číslo: Rozum špeciál 
952 |0 0  |1 0  |4 0  |7 0  |8 0  |a SNK  |b SNK  |d 2024-06-06  |i snk2024/8964  |l 0  |o snkČSB 7586/3/2021 D1  |p 17A1523461  |r 2026-02-21 20:00:56  |t č. 1-10  |w 2026-02-21  |y PREZ 
952 |0 0  |1 0  |4 0  |7 0  |8 0  |a SNK  |b SNK  |d 2024-06-06  |i snk2024/8967  |l 0  |o snkČSB 7586/4/2022  |p 17A1523462  |r 2026-02-21 20:01:00  |t č. 1-12  |w 2026-02-21  |y PREZ 
952 |0 0  |1 0  |4 0  |7 0  |8 0  |a SNK  |b SNK  |d 2024-06-06  |i snk2024/8969  |l 0  |o snkČSB 7586/5/2023  |p 17A1523463  |r 2026-02-21 20:01:00  |t č. 1-10  |w 2026-02-21  |y PREZ 
952 |0 0  |1 0  |4 0  |7 0  |8 0  |a SNK  |b SNK  |d 2022-04-25  |i snk2022/6117  |l 0  |o snkČSB 7586/1/2019 D1  |p 17A1462919  |r 2026-02-21 20:12:19  |t č. febr.-dec.  |w 2026-02-21  |y PREZ 
952 |0 0  |1 0  |4 0  |7 0  |8 0  |a SNK  |b SNK  |d 2022-04-25  |i snk2022/6120  |l 0  |o snkČSB 7586/2/2020  |p 17A1462920  |r 2026-02-21 20:12:19  |t č. 1-12 + 1 špec. č.  |w 2026-02-21  |y PREZ 
952 |0 0  |1 0  |4 0  |7 0  |8 0  |a SNK  |b SNK  |d 2023-05-16  |i snk2023/7758  |l 0  |o snkČSB 7586/3/2021  |p 17A1520313  |r 2026-02-21 21:39:45  |t č. 1-10  |w 2026-02-21  |y PREZ